000 00525nam a2200181Ia 4500
008 100920s9999 xx 000 0 und d
082 _b4814
_a891.464 0
100 _aचिपळूणकर विष्णुशास्त्री.
245 _aनिबंधमाला.
260 _b---
_c0
300 _a2000
_bसाधी
365 _b0
520 _aनिबंध.
630 _aनिबंधमाला.
650 _aनिबंध.
730 _aनिबंधमाला.
942 _cBOOK
999 _c674191
_d674188